| 000 | 00800nam a2200217Ia 4500 | ||
|---|---|---|---|
| 001 | 10863 | ||
| 003 | GE_BSU | ||
| 008 | 181216s||||||||xx |||||||||||||| ||und|| | ||
| 040 | _cGE_BSU | ||
| 080 | _a821.353.1–1 | ||
| 245 | _aის დაიბადა აპრილის თვეში. | ||
| 245 | _bქართველი პოეტები ლენინს. | ||
| 245 | _cრედ.ნ.არჯევანიძე;მხატვ.ი.ქლიბაძე. | ||
| 260 | _aთბილისი. | ||
| 260 | _bნაკადული. | ||
| 260 | _c1967. | ||
| 300 | _a90გვ;17სმ.ილ. | ||
| 653 | _aის დაიბადა აპრილის თვეში. | ||
| 653 | _aქართველი პოეტები ლენინს. | ||
| 942 | _cBK | ||
| 999 |
_c44105 _d44105 |
||